[Event "Tarragona Province-ch B"]
[Site "Tarragona"]
[Date "2015.11.22"]
[Round "8.6"]
[White "Cabo Salcedo, Javier"]
[Black "Puyalto Nevot, Rafael"]
[Result "1-0"]
[WhiteElo "1941"]
[BlackElo "1858"]
[PlyCount "99"]
[EventDate "2015.09.27"]
[EventType "swiss"]
[EventRounds "9"]
[EventCountry "ESP"]
[SourceTitle "EXT 2024"]
[Source "ChessBase"]
[SourceDate "2023.10.10"]
[SourceVersion "1"]
[SourceVersionDate "2023.10.10"]
[SourceQuality "1"]

1. e4 e5 2. f4 exf4 3. Nf3 d6 4. d4 g5 5. Bc4 Bg7 6. 0-0 Nc6 7. c3 h6 8. Qb3 Qe7 9. Nbd2 Na5 10. Qa4+ Nc6 11. d5 Bd7 12. dxc6 Bxc6 13. Bb5 Bxb5 14. Qxb5+ c6 15. Qd3 0-0-0 16. Nd4 Qd7 17. Nf5 Bf8 18. b4 Ne7 19. a4 Nxf5 20. exf5 Bg7 21. Ne4 Be5 22. Bb2 Kb8 23. Nf2 h5 24. Nh3 f6 25. Kh1 Rhe8 26. Rab1 d5 27. Ba3 Bd6 28. Bc1 Re7 29. Ng1 Rde8 30. Nf3 Be5 31. Nd4 Bxd4 32. cxd4 Re4 33. b5 Kc8 34. bxc6 Qxc6 35. Bd2 Qxa4 36. Rfc1+ Kb8 37. Qc3 Qd7 38. Rb5 a6 39. Rb6 Rf8 40. Ra1 Ka8 41. Qb4 Ree8 42. Raxa6+ Kb8 43. Rxb7+ Qxb7 44. Rb6 Qxb6 45. Qxb6+ Kc8 46. Qc6+ Kb8 47. Bb4 Rc8 48. Qb6+ Ka8 49. Qa6+ Kb8 50. Bd6+ 1-0

[Event "Tarragona-ch Seniors"]
[Site "Cambrils"]
[Date "2015.02.19"]
[Round "4.8"]
[White "Puyalto Nevot, Rafael"]
[Black "Cusido Rodriguez, Joan"]
[Result "1/2-1/2"]
[WhiteElo "1856"]
[BlackElo "1934"]
[PlyCount "77"]
[EventDate "2015.01.29"]
[EventType "swiss"]
[EventRounds "8"]
[EventCountry "ESP"]
[SourceTitle "EXT 2024"]
[Source "ChessBase"]
[SourceDate "2023.10.10"]
[SourceVersion "1"]
[SourceVersionDate "2023.10.10"]
[SourceQuality "1"]

1. e4 e6 2. d4 d5 3. e5 c5 4. c3 Qb6 5. Nf3 Nc6 6. a3 Bd7 7. Be2 Rc8 8. 0-0 cxd4 9. cxd4 Nge7 10. b4 Nf5 11. Bb2 Be7 12. Re1 f6 13. Qd3 fxe5 14. dxe5 0-0 15. Nbd2 Be8 16. Rf1 a6 17. Qb1 Bg6 18. Qd1 Rc7 19. Rc1 Rfc8 20. Nb3 Nd8 21. Qd2 Rxc1 22. Rxc1 Rxc1+ 23. Qxc1 Be8 24. Nbd4 Nxd4 25. Bxd4 Qc6 26. Qxc6 Nxc6 27. Bb2 b5 28. Bc3 Bh5 29. Kf1 Kf7 30. Nd4 Bxe2+ 31. Nxe2 Bd8 32. f4 g6 33. Nd4 Ne7 34. Ke2 Bb6 35. g4 Bxd4 36. Bxd4 h5 37. h3 Kg7 38. Kf3 Kf7 39. Kg3 1/2-1/2